000 00322nam a2200133Ia 4500
005 20260326235449.0
008 260326s9999||||xx |||||||||||||| ||und||
100 _aPascual, Carlos
245 0 _aToda AndalucĂ­a /
_cCarlos Pascual
260 _bBonechi
300 _a125 p.
650 _aARQUITECTURA REGIONAL
942 _cBK
999 _c7691
_d7691